[Event "Pojedinacno prvenstvo Centralne Srbije 2"]
[Site "Vrnjacka Banja"]
[Date "2014.03.17"]
[Round "1.7"]
[White "Abramovic, Bosko"]
[Black "Jovanovic, Bojan P"]
[Result "1/2-1/2"]
[WhiteElo "2437"]
[BlackElo "2254"]
[PlyCount "58"]
[EventDate "2014.03.17"]

1. Nf3 d5 2. d4 Nf6 3. c4 e6 4. Nc3 Be7 5. Bg5 h6 6. Bh4 O-O 7. e3 Ne4 8. Bxe7
Qxe7 9. Qc2 Nxc3 10. Qxc3 dxc4 11. Bxc4 b6 12. O-O Bb7 13. Be2 c5 14. dxc5 Rc8
15. b4 bxc5 16. bxc5 Nd7 17. Rac1 Nxc5 18. Qa3 Kf8 19. Ne5 Qg5 20. Bf3 Bxf3 21.
Nxf3 Qe7 22. Ne5 Ne4 23. Qb2 Nd6 24. h3 Kg8 25. Rfd1 Qf8 26. Rxc8 Rxc8 27. Qb4
Nc4 28. Qc3 Nxe5 29. Qxe5 Qa3 1/2-1/2

[Event "Pojedinacno prvenstvo Centralne Srbije 2"]
[Site "Vrnjacka Banja"]
[Date "2014.03.17"]
[Round "1.8"]
[White "Stojanovic, Zlatko"]
[Black "Ristic, Nenad"]
[Result "0-1"]
[WhiteElo "2253"]
[BlackElo "2431"]
[PlyCount "62"]
[EventDate "2014.03.17"]

1. e4 c5 2. Nf3 d6 3. d4 cxd4 4. Qxd4 Nf6 5. Nc3 Nc6 6. Bb5 Bd7 7. Bxc6 Bxc6 8.
Bg5 e6 9. O-O-O Be7 10. Rhe1 O-O 11. Kb1 Qa5 12. Qd2 Qa6 13. Nd4 Rfd8 14. f4 h6
15. Bh4 b5 16. Qd3 Qb7 17. Nxc6 Qxc6 18. Bxf6 Bxf6 19. g3 b4 20. Ne2 a5 21. Nd4
Qc5 22. g4 Bh4 23. Rh1 Bf2 24. Nf3 a4 25. g5 b3 26. gxh6 a3 27. cxb3 axb2 28.
h7+ Kh8 29. Ng5 Rd7 30. Qc2 Qxc2+ 31. Kxc2 Be3 0-1

[Event "Pojedinacno prvenstvo Centralne Srbije 2"]
[Site "Vrnjacka Banja"]
[Date "2014.03.17"]
[Round "1.9"]
[White "Bojkovic, Natasa"]
[Black "Djosic, Slavoljub"]
[Result "1-0"]
[WhiteElo "2411"]
[BlackElo "2252"]
[PlyCount "25"]
[EventDate "2014.03.17"]

1. e4 e5 2. Nf3 Nc6 3. Bb5 Nge7 4. O-O d6 5. c3 Bd7 6. d4 Ng6 7. d5 Nb8 8.
Bxd7+ Nxd7 9. c4 Be7 10. Be3 O-O 11. Nc3 f5 12. exf5 Rxf5 13. Ne4 {...} 1-0

[Event "Pojedinacno prvenstvo Centralne Srbije 2"]
[Site "Vrnjacka Banja"]
[Date "2014.03.17"]
[Round "1.11"]
[White "Rabrenovic, Vladan"]
[Black "Radosavljevic, Slobodan D"]
[Result "1-0"]
[WhiteElo "2392"]
[BlackElo "2227"]
[PlyCount "71"]
[EventDate "2014.03.17"]

1. d4 Nf6 2. c4 c5 3. d5 d6 4. Nc3 g6 5. e4 Bg7 6. Bd3 O-O 7. Nge2 e6 8. h3
exd5 9. exd5 Nfd7 10. f4 f5 11. O-O Na6 12. a3 Nf6 13. Qc2 Nc7 14. Be3 Re8 15.
Bf2 Bd7 16. Rab1 a5 17. b4 axb4 18. axb4 Na6 19. bxc5 dxc5 20. Na2 Ba4 21. Qxa4
Nb4 22. Rxb4 Rxa4 23. Rxa4 b5 24. cxb5 Kh8 25. Nac3 Nxd5 26. Nxd5 Qxd5 27. Bc4
Qd2 28. Ra2 Qd6 29. Rb1 Rb8 30. b6 Bf6 31. b7 Qc6 32. Ra6 Qe4 33. Rxf6 Qxb1+
34. Kh2 Rxb7 35. Rf8+ Kg7 36. Rg8+ 1-0

[Event "Pojedinacno prvenstvo Centralne Srbije 2"]
[Site "Vrnjacka Banja"]
[Date "2014.03.17"]
[Round "1.12"]
[White "Bura, Goran"]
[Black "Nestorovic, Lazar"]
[Result "0-1"]
[WhiteElo "2222"]
[BlackElo "2381"]
[PlyCount "214"]
[EventDate "2014.03.17"]

1. e4 c5 2. Nf3 d6 3. c3 Nf6 4. h3 Nbd7 5. Bd3 b6 6. O-O Bb7 7. Re1 Qc7 8. Qe2
e6 9. a4 Be7 10. Na3 O-O 11. Bc2 Rac8 12. d3 Rfe8 13. a5 Bc6 14. Bg5 Ne5 15.
Nxe5 dxe5 16. axb6 axb6 17. Nc4 Ra8 18. Bh4 b5 19. Ne3 Qb7 20. Bxf6 Bxf6 21.
Ng4 Qc7 22. Nxf6+ gxf6 23. Qe3 Qe7 24. Qh6 Kh8 25. Rad1 Rg8 26. g3 Rg5 27. h4
Rg6 28. Qe3 f5 29. Kf1 f6 30. Ra1 Rgg8 31. Qh6 Qg7 32. Qxg7+ Kxg7 33. b4 cxb4
34. cxb4 Rgd8 35. Rxa8 Rxa8 36. Bb3 fxe4 37. dxe4 Kf7 38. f3 Ra3 39. Re3 Ke7
40. g4 Ra1+ 41. Re1 Ra3 42. Re3 Be8 43. Kf2 Ra7 44. Rd3 Rc7 45. Ke3 Bg6 46. Kd2
h5 47. g5 fxg5 48. hxg5 h4 49. Ke2 Rc1 50. Kf2 h3 51. Kg3 Rg1+ 52. Kxh3 Rxg5
53. Kh2 Bh5 54. Bd1 Rg8 55. Be2 Rc8 56. Kg3 Rc2 57. Bd1 Rb2 58. Bb3 Bf7 59. Kg4
Kf6 60. Rc3 Rd2 61. Rc5 Rd3 62. Bc2 Rd2 63. Bb3 Be8 64. Rc8 Bd7 65. Rc7 Rd4 66.
Bc2 Ke7 67. f4 Kd6 68. Rc5 exf4 69. e5+ Ke7 70. Kf3 Rxb4 71. Be4 Rb3+ 72. Kxf4
b4 73. Rc7 Kd8 74. Rc5 Rh3 75. Rc4 Rb3 76. Bg6 Bb5 77. Rc5 Bf1 78. Bf7 Bh3 79.
Rc6 Kd7 80. Rd6+ Ke7 81. Bg6 Rc3 82. Rb6 b3 83. Rb7+ Kd8 84. Bh7 Bg2 85. Rb4
Rh3 86. Rd4+ Kc7 87. Rd2 Rxh7 88. Rxg2 Kc6 89. Ke4 Rb7 90. Rg1 b2 91. Rb1 Kc5
92. Kd3 Kd5 93. Kc2 Kxe5 94. Re1+ Kd4 95. Kb1 e5 96. Rd1+ Ke3 97. Re1+ Kf4 98.
Rf1+ Kg5 99. Rg1+ Kf5 100. Rf1+ Ke6 101. Re1 Rb4 102. Re2 e4 103. Rxb2 Rxb2+
104. Kxb2 Kf5 105. Kc2 Kf4 106. Kd2 Kf3 107. Ke1 Ke3 0-1

[Event "Pojedinacno prvenstvo Centralne Srbije 2"]
[Site "Vrnjacka Banja"]
[Date "2014.03.17"]
[Round "1.13"]
[White "Colovic, Dusan"]
[Black "Zivkovic, Marko"]
[Result "1-0"]
[WhiteElo "2380"]
[BlackElo "2192"]
[PlyCount "63"]
[EventDate "2014.03.17"]

1. d4 Nf6 2. Nc3 d5 3. Bf4 Bf5 4. e3 e6 5. f3 h6 6. g4 Bh7 7. h4 Bd6 8. Qd2 a6
9. O-O-O b5 10. Bd3 Bxd3 11. Qxd3 Nc6 12. Nge2 Qe7 13. Kb1 Nb4 14. Qd2 c5 15.
g5 Nd7 16. gxh6 gxh6 17. Bxd6 Qxd6 18. dxc5 Qxc5 19. e4 Nb6 20. a3 Nc4 21. Qd4
Qxd4 22. Nxd4 e5 23. axb4 exd4 24. Rxd4 dxe4 25. Rxe4+ Kf8 26. Rd1 Kg7 27. b3
Nb6 28. Rg4+ Kh7 29. Rd6 Rhc8 30. Ne4 f5 31. Nf6+ Kh8 32. Rg6 1-0

[Event "Pojedinacno prvenstvo Centralne Srbije 2"]
[Site "Vrnjacka Banja"]
[Date "2014.03.17"]
[Round "1.14"]
[White "Pantovic, Dragan M"]
[Black "Velickovic, Sasa"]
[Result "1/2-1/2"]
[WhiteElo "2132"]
[BlackElo "2377"]
[PlyCount "21"]
[EventDate "2014.03.17"]

1. Nf3 c5 2. c4 g6 3. Nc3 Bg7 4. g3 Nc6 5. Bg2 d6 6. O-O Nh6 7. d4 cxd4 8. Nxd4
Bd7 9. c5 dxc5 10. Nxc6 Bxc6 11. Bxc6+ 1/2-1/2

[Event "Pojedinacno prvenstvo Centralne Srbije 2"]
[Site "Vrnjacka Banja"]
[Date "2014.03.17"]
[Round "1.15"]
[White "Milenkovic, Mladen"]
[Black "Jokic, Miodrag"]
[Result "1-0"]
[WhiteElo "2373"]
[BlackElo "2103"]
[PlyCount "81"]
[EventDate "2014.03.17"]

1. e4 d6 2. d4 Nf6 3. Nc3 g6 4. Be3 c6 5. Qd2 Qa5 6. a3 Ng4 7. Bg5 f6 8. Bh4
Bh6 9. Qd1 Bg7 10. h3 Nh6 11. Qd2 O-O 12. Bc4+ e6 13. Bb3 d5 14. f3 Nf7 15. Bf2
Nd7 16. Nge2 Qd8 17. h4 Nb6 18. h5 Nd6 19. hxg6 hxg6 20. Qf4 Ndc4 21. O-O-O Qe8
22. Qg3 g5 23. Rh2 Bd7 24. Rdh1 Kf7 25. f4 Qe7 26. Qf3 Ke8 27. Rh7 Kd8 28. Ng3
Be8 29. f5 Kc7 30. fxe6 Bg6 31. Nf5 Bxf5 32. exf5 Rae8 33. Bg3+ Kc8 34. Bh2 Rh8
35. Qg3 Ne5 36. Rxh8 Rxh8 37. dxe5 fxe5 38. Rf1 Bf6 39. Bg1 Rh1 40. Qe1 Rh4 41.
g3 1-0

[Event "Pojedinacno prvenstvo Centralne Srbije 2"]
[Site "Vrnjacka Banja"]
[Date "2014.03.17"]
[Round "1.16"]
[White "Colovic, Zoran"]
[Black "Pavlovic, Goran"]
[Result "0-1"]
[WhiteElo "2102"]
[BlackElo "2372"]
[PlyCount "36"]
[EventDate "2014.03.17"]

1. e4 e6 2. d4 d5 3. Nc3 Bb4 4. e5 c5 5. a3 Bxc3+ 6. bxc3 Ne7 7. Bd3 Nbc6 8.
Qg4 c4 9. Qxg7 Rg8 10. Qxh7 cxd3 11. cxd3 Qa5 12. Bd2 Bd7 13. Nf3 O-O-O 14. O-O
Rh8 15. Qg7 Rdg8 16. Qf6 Qb5 17. Ng5 Qxd3 18. Nxf7 Rxg2+ 0-1

[Event "Pojedinacno prvenstvo Centralne Srbije 2"]
[Site "Vrnjacka Banja"]
[Date "2014.03.17"]
[Round "1.17"]
[White "Zajic, Milan"]
[Black "Miladinovic, Lena"]
[Result "1/2-1/2"]
[WhiteElo "2370"]
[BlackElo "2095"]
[PlyCount "92"]
[EventDate "2014.03.17"]

1. e4 c5 2. Nf3 e6 3. d4 cxd4 4. Nxd4 Nc6 5. Nc3 Qc7 6. Be3 Nf6 7. Qd2 Nxd4 8.
Bxd4 e5 9. Nb5 Qb8 10. Be3 a6 11. Nc3 Bb4 12. f3 Qc7 13. Bg5 d6 14. Bd3 Be6 15.
Bxf6 gxf6 16. O-O Rc8 17. Qh6 Bxc3 18. bxc3 Ke7 19. f4 Qxc3 20. Kh1 Rhg8 21.
Rab1 Rb8 22. Qxh7 b5 23. Qh4 Rg4 24. Qf2 Qc5 25. fxe5 fxe5 26. Qf6+ Kd7 27. a4
Rg6 28. Qf3 Rh8 29. Rf2 Rg4 30. Qe2 Rgh4 31. g3 Bg4 32. gxh4 Bxe2 33. Rxe2 Rxh4
34. axb5 axb5 35. Bxb5+ Ke6 36. Ba4 Rf4 37. Bb3+ Kf6 38. Kg2 Rg4+ 39. Kh1 Rf4
40. Bd5 Qc3 41. Rg2 Qe3 42. Rd1 Rf2 43. Rxf2+ Qxf2 44. Rg1 Qf3+ 45. Rg2 Qd1+
46. Rg1 Qf3+ 1/2-1/2

[Event "Pojedinacno prvenstvo Centralne Srbije 2"]
[Site "Vrnjacka Banja"]
[Date "2014.03.17"]
[Round "1.18"]
[White "Gajic, Sladjan"]
[Black "Rajkovic, Dusan"]
[Result "0-1"]
[WhiteElo "2066"]
[BlackElo "2369"]
[PlyCount "104"]
[EventDate "2014.03.17"]

1. c4 Nf6 2. Nc3 c5 3. Nf3 b6 4. g3 Bb7 5. Bg2 e6 6. d4 cxd4 7. Qxd4 d6 8. b3
Be7 9. O-O O-O 10. Rd1 a6 11. Ba3 Nc6 12. Qd2 d5 13. Bxe7 Nxe7 14. Qb2 Qb8 15.
Qa3 Re8 16. Na4 Qa7 17. Ne5 dxc4 18. Bxb7 Qxb7 19. Nxc4 Nc8 20. Nd6 Nxd6 21.
Qxd6 Nd5 22. Rac1 b5 23. Nc5 Qa7 24. Nd3 h6 25. Qc5 b4 26. Qxa7 Rxa7 27. Rd2 a5
28. Rdc2 g5 29. e4 Nc3 30. f3 g4 31. Kf2 gxf3 32. Kxf3 Rd8 33. Ne5 f6 34. Ng4
Rd3+ 35. Kg2 Kg7 36. e5 f5 37. Nf6 Re3 38. Ne8+ Kg6 39. Nd6 Rxe5 40. Nc4 Rd5
41. Re1 Kf6 42. a4 h5 43. Rf2 Rg7 44. Kh3 h4 45. Rf3 hxg3 46. hxg3 Rd4 47. Nxa5
Rd2 48. Rf4 Ne2 49. Rxe2 Rh7+ 50. Kg2 Rxe2+ 51. Kg1 Rd7 52. Kf1 Ra2 0-1

[Event "Pojedinacno prvenstvo Centralne Srbije 2"]
[Site "Vrnjacka Banja"]
[Date "2014.03.17"]
[Round "1.19"]
[White "Maksimovic, Branimir"]
[Black "Petrovic, Zoran Z"]
[Result "1-0"]
[WhiteElo "2364"]
[BlackElo "2056"]
[PlyCount "56"]
[EventDate "2014.03.17"]

1. d4 d5 2. c4 e6 3. Nc3 c5 4. cxd5 exd5 5. Nf3 Nc6 6. Bg5 Be7 7. Bxe7 Ngxe7 8.
e3 c4 9. Be2 Rb8 10. b3 b5 11. bxc4 bxc4 12. O-O Bf5 13. Nh4 Be6 14. Rb1 Rxb1
15. Qxb1 Qa5 16. Qc1 g5 17. Nf3 f6 18. Qd2 Bf5 19. h4 h6 20. Nh2 g4 21. Nxg4
Kf7 22. e4 Bxg4 23. Bxg4 dxe4 24. d5 Ne5 25. Be6+ Kg7 26. Rb1 Kg6 27. Qd4 Qc7
28. Qxe4+ f5 {....} 1-0

[Event "Pojedinacno prvenstvo Centralne Srbije 2"]
[Site "Vrnjacka Banja"]
[Date "2014.03.17"]
[Round "1.20"]
[White "Tosic, Dragoljub"]
[Black "Dudukovic, Nikola"]
[Result "0-1"]
[WhiteElo "1966"]
[BlackElo "2364"]
[PlyCount "74"]
[EventDate "2014.03.17"]

1. d4 Nf6 2. c4 c5 3. Nc3 cxd4 4. Qxd4 Nc6 5. Qd3 g6 6. Nf3 Bg7 7. a3 d6 8. h3
O-O 9. e4 Be6 10. Be2 Rc8 11. Rb1 Nd7 12. b3 Nde5 13. Qd2 Nxf3+ 14. Bxf3 Nd4
15. Bd1 b5 16. Ne2 Nxe2 17. Bxe2 bxc4 18. bxc4 Bxc4 19. O-O Qd7 20. Bg4 Qc7 21.
Rd1 Rb8 22. Bb2 Rxb2 23. Rxb2 Bxb2 24. Qxb2 Qa5 25. f4 d5 26. exd5 Bxd5 27. f5
Rd8 28. Qe5 Qc5+ 29. Kh2 Qd6 30. Qxd6 Rxd6 31. f6 Kf8 32. fxe7+ Kxe7 33. Re1+
Be6 34. Bf3 Rd3 35. a4 Kd6 36. a5 Ra3 37. Rd1+ Ke7 0-1

[Event "Pojedinacno prvenstvo Centralne Srbije 2"]
[Site "Vrnjacka Banja"]
[Date "2014.03.17"]
[Round "1.21"]
[White "Ratkovic, Miloje"]
[Black "Zajic, Milun"]
[Result "1/2-1/2"]
[WhiteElo "2358"]
[BlackElo "1954"]
[PlyCount "100"]
[EventDate "2014.03.17"]

1. d4 Nf6 2. Nf3 g6 3. Nc3 d5 4. Bf4 Bg7 5. e3 c6 6. Be2 Bg4 7. Ne5 Bxe2 8.
Qxe2 Nbd7 9. h4 h5 10. O-O-O e6 11. Kb1 Qe7 12. Bg5 Qd6 13. Bf4 Qe7 14. f3 Ng8
15. e4 Nxe5 16. dxe5 a6 17. exd5 cxd5 18. Qf2 Qc7 19. Rhe1 Ne7 20. Rd3 b5 21.
Be3 Rc8 22. f4 Nf5 23. Nd1 b4 24. Bb6 Qc6 25. Ba7 Nxh4 26. Ne3 Nf5 27. Nxf5
gxf5 28. Bd4 Bf8 29. Rc1 Be7 30. Qd2 Rg8 31. g3 Rg4 32. Bf2 Bc5 33. Rh1 Bxf2
34. Qxf2 Qc5 35. Qxc5 Rxc5 36. Rxh5 Rc4 37. a3 Rg8 38. axb4 Rxb4 39. Rc3 Kd7
40. Rh7 Rf8 41. Kc1 Rb6 42. Rg7 Rc6 43. Rb3 Kc7 44. Kd2 Rb6 45. Rc3+ Kd7 46.
Kc1 Rc6 47. Rd3 Ke7 48. Rh7 Rfc8 49. Rh2 a5 50. Rhd2 Rh8 {....} 1/2-1/2

[Event "Pojedinacno prvenstvo Centralne Srbije 2"]
[Site "Vrnjacka Banja"]
[Date "2014.03.17"]
[Round "1.22"]
[White "Todorovic, Kosta"]
[Black "Andrijevic, Milan"]
[Result "1/2-1/2"]
[WhiteElo "1929"]
[BlackElo "2333"]
[PlyCount "91"]
[EventDate "2014.03.17"]

1. e4 c5 2. Nc3 e6 3. g3 d5 4. d3 Nc6 5. Bg2 dxe4 6. Nxe4 Nge7 7. Ne2 Nf5 8.
O-O Be7 9. b3 O-O 10. Bb2 e5 11. Qd2 Nfd4 12. Nxd4 Nxd4 13. Bxd4 Qxd4 14. c3
Qd8 15. Qe3 Qc7 16. Rfe1 Be6 17. c4 Rad8 18. Nc3 b6 19. Rad1 Qd7 20. Nd5 Bd6
21. Qg5 f6 22. Qh5 Bg4 23. Qh4 Bxd1 24. Rxd1 f5 25. g4 h6 26. Ne3 fxg4 27. Qh5
Kh8 28. Bd5 Rf4 29. Ng2 Rf6 30. Nh4 g5 31. Ng2 Kg7 32. Ne3 Rf4 33. Ng2 Rf6 34.
Ne3 Rf4 35. Ng2 Qe8 36. Nxf4 exf4 37. Qxg4 Qg6 38. Re1 f3 39. Be4 Qf6 40. Bd5
Qc3 41. Qe6 Rf8 42. Qd7+ Kh8 43. Qe6 Kg7 44. Qd7+ Kh8 45. Qe6 Kg7 46. Qd7+
1/2-1/2

[Event "Pojedinacno prvenstvo Centralne Srbije 2"]
[Site "Vrnjacka Banja"]
[Date "2014.03.17"]
[Round "1.24"]
[White "Dabizljevic, Radun"]
[Black "Savicevic, Vlatko"]
[Result "0-1"]
[WhiteElo "1834"]
[BlackElo "2330"]
[PlyCount "80"]
[EventDate "2014.03.17"]

1. e4 c5 2. Bc4 Nc6 3. c3 Nf6 4. Qe2 d6 5. Na3 a6 6. Bd3 g6 7. h3 Bg7 8. f4 O-O
9. g4 e5 10. f5 d5 11. Nf3 dxe4 12. Bxe4 Nxe4 13. Qxe4 Ne7 14. f6 Bxf6 15. d3
Be6 16. Rf1 Bg7 17. Be3 Bd5 18. Qa4 Qc7 19. O-O-O b5 20. Qc2 c4 21. d4 Nc6 22.
Nxe5 Nxe5 23. dxe5 Qb7 24. Bc5 Bh6+ 25. Rd2 Rfe8 26. Bd6 a5 27. h4 b4 28. g5
Bg7 29. Nb1 Bxe5 30. Bxe5 Rxe5 31. Qd1 Rae8 32. Rdf2 R5e7 33. h5 gxh5 34. Rh2
Be4 35. Qxh5 Bg6 36. Qd1 Qe4 37. Nd2 Qe3 38. Rf3 Qxg5 39. Rf1 bxc3 40. bxc3 Rb7
0-1

[Event "Pojedinacno prvenstvo Centralne Srbije 2"]
[Site "Vrnjacka Banja"]
[Date "2014.03.17"]
[Round "1.25"]
[White "Radusinovic, Lazar"]
[Black "Ratkovic, Petar"]
[Result "1-0"]
[WhiteElo "2313"]
[BlackElo "1783"]
[PlyCount "65"]
[EventDate "2014.03.17"]

1. d4 d5 2. Nf3 Nf6 3. g3 c6 4. Bg2 Bf5 5. O-O e6 6. c4 dxc4 7. Nbd2 h6 8. Nxc4
Nbd7 9. Bf4 Nb6 10. Na5 Qc8 11. Ne5 Nbd5 12. Bd2 Ne4 13. Be1 Be7 14. Qb3 Nd6
15. Nxb7 Qxb7 16. Qxb7 Nxb7 17. e4 Bxe4 18. Bxe4 c5 19. dxc5 Nxc5 20. Bxd5 exd5
21. Rd1 d4 22. Rxd4 Bf6 23. Rd5 Ne6 24. Bb4 Nc7 25. Ra5 a6 26. Re1 Ne6 27. f4
Bxe5 28. Rexe5 Kd7 29. f5 Ng5 30. Rad5+ Kc7 31. Re7+ Kc6 32. Rd6+ Kb5 33. Rb7+
1-0

[Event "Pojedinacno prvenstvo Centralne Srbije 2"]
[Site "Vrnjacka Banja"]
[Date "2014.03.17"]
[Round "1.26"]
[White "Ristic, Dejan D"]
[Black "Jovic, Stanoje"]
[Result "0-1"]
[WhiteElo "1770"]
[BlackElo "2304"]
[PlyCount "44"]
[EventDate "2014.03.17"]

1. c4 e5 2. Nc3 Bb4 3. Nd5 Be7 4. Nxe7 Nxe7 5. g3 d5 6. b3 Nbc6 7. Bg2 O-O 8.
Bb2 Re8 9. e3 Nb4 10. d4 Bf5 11. Bf1 Nc2+ 12. Kd2 exd4 13. Rc1 dxe3+ 14. Ke2
dxc4 15. Rxc2 Qd3+ 16. Ke1 Qxc2 17. Qxc2 Bxc2 18. Bxc4 Rad8 19. Be2 Nf5 20. Nf3
Be4 21. Bc3 Bd3 22. Ne5 exf2+ 0-1

[Event "Pojedinacno prvenstvo Centralne Srbije 2"]
[Site "Vrnjacka Banja"]
[Date "2014.03.17"]
[Round "1.23"]
[White "Cvetkovic, Srdjan"]
[Black "Gagic, Miroljub"]
[Result "1/2-1/2"]
[WhiteElo "2332"]
[BlackElo "1865"]
[PlyCount "83"]
[EventDate "2014.03.17"]

1. c4 Nf6 2. Nc3 d6 3. d4 g6 4. e4 Bg7 5. Nf3 O-O 6. h3 c5 7. d5 e6 8. Bd3 exd5
9. exd5 Re8+ 10. Be3 Nbd7 11. O-O Ne5 12. Nxe5 Rxe5 13. Bf4 Re7 14. Qd2 Ne8 15.
Rae1 Rxe1 16. Rxe1 Bd7 17. Ne4 Bf5 18. Nc3 Bxd3 19. Qxd3 Qd7 20. Qg3 Bf8 21.
Ne4 a6 22. b3 b5 23. h4 h5 24. Bg5 bxc4 25. bxc4 Rb8 26. Nxc5 Qc8 27. Nb3 Qxc4
28. Qf3 Qg4 29. Qxg4 hxg4 30. Re4 g3 31. fxg3 Nc7 32. Ra4 Nxd5 33. Rxa6 Nb4 34.
Ra7 Nxa2 35. Rxa2 Rxb3 36. Ra8 Kg7 37. Kf2 d5 38. Bh6+ Kxh6 39. Rxf8 Kg7 40.
Re8 Rd3 41. g4 Kf6 42. g3 1/2-1/2

[Event "Prvenstvo CS 2014"]
[Site "Vrnjacka Banja"]
[Date "2014.03.17"]
[Round "1"]
[White "Sedlak, Nikola"]
[Black "Ilic, Zoran S"]
[Result "1-0"]
[WhiteElo "2562"]
[BlackElo "2297"]
[PlyCount "98"]
[EventDate "2014.??.??"]
[Source "Perpetual Check"]

1. d4 Nf6 2. c4 e6 3. Nc3 Bb4 4. Qc2 c5 5. dxc5 Bxc5 6. Nf3 Qb6 7. e3 Qc7 8. a3
b6 9. b4 Be7 10. e4 Nc6 11. Bb2 O-O 12. Be2 Bb7 13. O-O Rac8 14. Rfd1 d6 15.
Rac1 Qb8 16. h3 Rfd8 17. Qb1 h6 18. Bf1 a5 19. Na4 Ba8 20. b5 Ne5 21. Nxe5 dxe5
22. Qa1 Nd7 23. Rxd7 Rxd7 24. Bxe5 Bd6 25. Bxg7 Bh2+ 26. Kh1 Bf4 27. Bc3 Rcd8
28. Re1 Bxe4 29. c5 Bf5 30. Nxb6 Rc7 31. Bh8 Kf8 32. Be5 Bxe5 33. Qxe5 Kg8 34.
Qe3 Bg6 35. c6 Re7 36. Qc5 Qc7 37. a4 Ree8 38. Nd7 Rxd7 39. cxd7 Qxd7 40. b6
Qd2 41. Rc1 Rb8 42. Kg1 Kh7 43. Rc4 Qb2 44. Qxa5 Rxb6 45. Qe1 Rb3 46. Rc7 Ra3
47. Qxe6 Ra1 48. Qc4 Rd1 49. a5 Qa3 1-0

[Event "Prvenstvo CS 2014"]
[Site "Vrnjacka Banja"]
[Date "2014.03.17"]
[Round "1"]
[White "Stojanovic, Andjelija"]
[Black "Lajthajm, Borko"]
[Result "0-1"]
[WhiteElo "2295"]
[BlackElo "2525"]
[PlyCount "109"]
[EventDate "2014.??.??"]
[Source "Perpetual Check"]

1. d4 Nf6 2. Bg5 e6 3. Nd2 h6 4. Bh4 c5 5. e4 g5 6. Bg3 cxd4 7. e5 Nd5 8. Ngf3
Nc6 9. Bc4 Nf4 10. Bxf4 gxf4 11. Qe2 d5 12. exd6 Bxd6 13. O-O-O Qe7 14. Ne4 Bd7
15. Nxd6+ Qxd6 16. c3 O-O-O 17. Nxd4 Nxd4 18. Rxd4 Qc7 19. Rhd1 Bc6 20. Rxd8+
Rxd8 21. Rxd8+ Kxd8 22. f3 Ke7 23. Kc2 Qa5 24. b4 Qh5 25. h3 b6 26. Kb2 Qg5 27.
Bb3 Kf6 28. a4 Qe5 29. Qf2 Kg5 30. b5 Bd5 31. Bxd5 Qxd5 32. h4+ Kh5 33. g4+
fxg3 34. Qxg3 Qc4 35. Qe5+ f5 36. Ka3 Kxh4 37. Qf6+ Kg3 38. Qg7+ Kxf3 39. Qxa7
Qxc3+ 40. Ka2 Qd4 41. Qa6 e5 42. a5 Qd5+ 43. Ka3 Qd3+ 44. Kb2 bxa5 45. Qc6+ e4
46. b6 Qd2+ 47. Kb3 Qb4+ 48. Kc2 a4 49. b7 Qb3+ 50. Kc1 a3 51. Qc8 Qb2+ 52. Kd1
Qb1+ 53. Kd2 e3+ 54. Kc3 a2 55. Qe8 0-1

[Event "Prvenstvo CS 2014"]
[Site "Vrnjacka Banja"]
[Date "2014.03.17"]
[Round "1"]
[White "Milanovic, Danilo"]
[Black "Zivkovic, Nemanja"]
[Result "1-0"]
[WhiteElo "2506"]
[BlackElo "2290"]
[PlyCount "110"]
[EventDate "2014.??.??"]
[Source "Perpetual Check"]

1. d4 Nf6 2. c4 e6 3. Nc3 Bb4 4. e3 O-O 5. Bd3 d5 6. cxd5 exd5 7. Nge2 Re8 8.
O-O c6 9. f3 h6 10. a3 Bf8 11. b4 Nbd7 12. Rb1 Nb6 13. Kh1 a5 14. Qe1 axb4 15.
axb4 Be6 16. Nf4 Bd6 17. Nxe6 Rxe6 18. Qf2 Qf8 19. Qb2 Qb8 20. g3 Na4 21. Nxa4
Rxa4 22. Qc2 Rxb4 23. Rxb4 Bxb4 24. e4 dxe4 25. fxe4 Qd8 26. Bb2 c5 27. e5 Nd5
28. Bh7+ Kh8 29. Rxf7 cxd4 30. Qf5 Qb6 31. Rd7 Ne3 32. Qe4 Nd1 33. Bxd4 Nf2+
34. Bxf2 Qxf2 35. Qf5 Qxf5 36. Bxf5 Re8 37. Bg6 Rc8 38. e6 Kg8 39. e7 Bxe7 40.
Rxe7 Rb8 41. Re4 Kf8 42. Kg2 b5 43. Rb4 Ke7 44. Bd3 Kd6 45. Rxb5 Rxb5 46. Bxb5
Ke7 47. Kf3 Kf6 48. Kf4 Kg6 49. Bd3+ Kf7 50. Kf5 Kg8 51. Kg6 Kh8 52. Bc4 h5 53.
Kxh5 Kh7 54. Bd3+ Kh8 55. Kg6 Kg8 1-0

[Event "Prvenstvo CS 2014"]
[Site "Vrnjacka Banja"]
[Date "2014.03.17"]
[Round "1"]
[White "Vujacic, Borivoje"]
[Black "Markovic, Miroslav"]
[Result "1-0"]
[WhiteElo "2287"]
[BlackElo "2498"]
[PlyCount "93"]
[EventDate "2014.??.??"]
[Source "Perpetual Check"]

1. e4 e5 2. Nf3 Qe7 3. Bc4 c6 4. O-O d6 5. d4 h6 6. dxe5 dxe5 7. b3 Bg4 8. h3
Bh5 9. Bb2 Nd7 10. a4 Rd8 11. Nbd2 Qf6 12. Qe2 Ne7 13. Qe3 Nc8 14. Nh2 Bb4 15.
Ndf3 O-O 16. Ng4 Bxg4 17. hxg4 Nd6 18. Bd3 Bc5 19. Qe2 Rfe8 20. g3 Nf8 21. Kg2
Ng6 22. Rh1 Qe6 23. g5 Qg4 24. Bc1 h5 25. Kf1 Bd4 26. Nxd4 exd4 27. Rxh5 Qxe2+
28. Kxe2 Nxe4 29. Kf1 Nc5 30. Bc4 a6 31. Ba3 Re5 32. Kg2 Ne6 33. Rd1 b5 34.
Bxe6 fxe6 35. axb5 axb5 36. Bb2 Re2 37. Rxd4 Rf8 38. Rd7 Rfxf2+ 39. Kh3 e5 40.
Rd8+ Kf7 41. Rd7+ Kg8 42. Rd8+ Nf8 43. g6 Rxc2 44. Bxe5 Rcd2 45. Rc8 Rde2 46.
Bd6 Rf1 47. Bxf8 1-0

[Event "Prvenstvo CS 2014"]
[Site "Vrnjacka Banja"]
[Date "2014.03.17"]
[Round "1"]
[White "Pikula, Dejan"]
[Black "Stanojevic, Branko"]
[Result "1-0"]
[WhiteElo "2498"]
[BlackElo "2271"]
[PlyCount "117"]
[EventDate "2014.??.??"]
[Source "Perpetual Check"]

1. e4 d6 2. d4 Nd7 3. Nf3 g6 4. Bc4 c6 5. O-O Bg7 6. Bb3 e6 7. Bf4 Qe7 8. Nbd2
e5 9. Bg5 Ngf6 10. c3 h6 11. Bh4 O-O 12. Re1 b5 13. a4 Bb7 14. Bc2 a6 15. Bd3
Rfd8 16. b4 Nf8 17. Nb3 Ne6 18. Bf1 g5 19. Bg3 Nh5 20. Na5 Nxg3 21. hxg3 exd4
22. cxd4 c5 23. axb5 axb5 24. Bxb5 Nxd4 25. Nxd4 Bxd4 26. Rc1 Rdb8 27. Bc4 Qf6
28. Qd2 Ba6 29. Nc6 Rxb4 30. Nxb4 cxb4 31. Bxa6 Rxa6 32. Rc8+ Kg7 33. Rd1 Bc5
34. Qe2 Ra5 35. Rb8 Ra3 36. Rb5 Rc3 37. Rf1 Qd4 38. Rb7 Rxg3 39. Rd1 Qf6 40.
Rd5 Rc3 41. Rf5 Qg6 42. Qd1 Ra3 43. g4 Qe6 44. Qd5 Qxd5 45. exd5 Rg3+ 46. Kf1
Rxg4 47. Rbxf7+ Kg6 48. R5f6+ Kh5 49. Rh7 Rd4 50. Kg2 Rg4+ 51. Kf3 Rf4+ 52.
Rxf4 gxf4 53. Rg7 Bd4 54. Rb7 Bc5 55. Kxf4 Bxf2 56. Rxb4 Kg6 57. Re4 Kh5 58.
Kf5 Bg3 59. Rg4 1-0

[Event "Prvenstvo CS 2014"]
[Site "Vrnjacka Banja"]
[Date "2014.03.17"]
[Round "1"]
[White "Gavrilovic, Leonardo"]
[Black "Antic, Dejan"]
[Result "0-1"]
[WhiteElo "2255"]
[BlackElo "2462"]
[PlyCount "114"]
[EventDate "2014.??.??"]
[Source "Perpetual Check"]

1. Nf3 Nf6 2. c4 c5 3. d4 cxd4 4. Nxd4 e6 5. Nc3 Bb4 6. Qb3 Bc5 7. e3 Nc6 8.
Nxc6 bxc6 9. Be2 O-O 10. O-O d5 11. Rd1 Bd6 12. Qc2 Qc7 13. h3 e5 14. b3 Be6
15. Bb2 Rad8 16. Na4 Qe7 17. Rac1 Ne4 18. Nc3 Nxc3 19. Bxc3 Qg5 20. Kh1 f5 21.
cxd5 cxd5 22. Ba5 Rc8 23. Qd2 e4 24. Rxc8 Rxc8 25. Ba6 Rf8 26. Bb7 f4 27. Bxd5
Qxd5 28. Qxd5 Bxd5 29. exf4 Rf5 30. Kg1 Be7 31. Bc7 Bc6 32. Be5 Rf8 33. Rc1 Rc8
34. Bd4 a6 35. Be3 g6 36. Rc4 Kf7 37. g4 Bb7 38. Rd4 Rd8 39. Rc4 Rd7 40. b4 Bd5
41. Rd4 Bf6 42. Rd1 Ke6 43. a4 Bc6 44. Rxd7 Bxd7 45. b5 axb5 46. axb5 Bxb5 47.
Kg2 Bh4 48. Bb6 Be2 49. Be3 Kd5 50. Bb6 Kc4 51. Ba7 Kd3 52. g5 Kd2 53. Bc5 Bc4
54. Kg1 Ke2 55. Kg2 Be6 56. Bb6 Bxh3+ 57. Kg1 Kf3 0-1